An Introduction to Geophysical Exploration (Record no. 4311)

MARC details
000 -LEADER
fixed length control field 00441nam a22001577a 4500
008 - FIXED-LENGTH DATA ELEMENTS--GENERAL INFORMATION
fixed length control field 250716b |||||||| |||| 00| 0 eng d
020 ## - INTERNATIONAL STANDARD BOOK NUMBER
ISBN 9788126561018
100 ## - MAIN ENTRY--AUTHOR
Author Kearey Philip
245 ## - TITLE STATEMENT
Title An Introduction to Geophysical Exploration
250 ## - EDITION STATEMENT
Edition statement 3rd
260 ## - PUBLICATION, DISTRIBUTION, ETC. (IMPRINT)
Place of publication New Delhi
Name of publisher Wiley Blackwell Publishing Company
Date of publication 2016
300 ## - COLLATION
Pagination vii, 262p.
Other physical details ill.
650 ## - TRACINGS
Main Subject Prospecting-Geophysical method
942 ## - ADDED ENTRY ELEMENTS (KOHA)
Item type Books
050 ## - LIBRARY OF CONGRESS CALL NUMBER
Classification number TN269
Item number .K43
Holdings
Source of classification or shelving scheme Not for loan Permanent location Current location Date acquired Accession No. Full call number Barcode. Koha item type
Library of Congress Classification   Engineering Library Engineering Library 07/16/2025 2024/62209 TN269.K43 2025-3079 Books